000 00330 a2200169 4500
001 190892
020 _a85-00-51376-3
040 _cMagnum
100 _aDias, Gonçalves
240 1 0 _aPoemas
_lpor
245 1 0 _aPoemas
300 _a188
362 0 _a1997
440 1 _aEdiouro
697 _aLITERATURA GERAL
942 _cBK
999 _c190892
_d190892